LEADER 00992nam a2200241 i 4500 001 000000160727 003 CaOOAMICUS 005 20070410000000.0 008 070410s1958 it u000 u ita u 013 $a138090 040 $aSeMil$bita 100 1 $aSheen, Fulton John .$0(OLS)http://semarc/name/15584 240 10$aSeven words to the Cross.$0(OLS)http://semarc/title/143533 245 10$aSette parole alla Croce /$cFulton J. Sheen ; [Traduzione di Augusto Donaudy]. 260 $aNapoli :$bRichter,$cCopyr. 1958. 300 $a94 p. ;$c17 cm. 650 4$aGesł Cristo - Crocifissione.$0(OLS)http://semarc/subject/6027 700 1 $aDonaudy, Augusto.$0(OLS)http://semarc/name/42374 850 $aSeMil 852 $aSeMil$W1$xVenegono$y1$m3F I 497$j112180$B112180$CSeMilBibl$Z2$F124659 $81 961 $aOmaggio: Altro 996 $6245$aSette parole alla Croce$9(OLS)http://semarc/title/143532 996 $6260$aNapoli :$bRichter$9(OLS)http://semarc/publisher/39667 LEADER 00787nam a2200205 4500 001 000000350280 003 CaOOAMICUS 005 20220512102558.0 008 220512s2006 it a 000 u ita r 040 $aSeMil$bita 245 13$a5: Toscana. 264 1$aMilano :$bPeriodici San Paolo,$c2006. 300 $a152 p. :$bill. ;$c24 cm 773 0 $tArte e fede nei luoghi dello spirito.$dMilano : Periodici San Paolo, 2006.$kGrande biblioteca cristiana$g5$w()350253 850 $aSeMil 852 $aSeMil$W1$xVenegono$y1$m5E VI 12$j232682$B241330$CSeMilBibl$Z2$F241330 $81 961 $aTremolada don Maurizio - Omaggio 996 $6245$a5: Toscana$9(OLS)http://semarc/title/439957 996 $6264$aMilano :$bPeriodici San Paolo$9(OLS)http://semarc/publisher/33926